| 000 | 00515nam a22001817a 4500 | ||
|---|---|---|---|
| 005 | 20251108173118.0 | ||
| 008 | 250721s2004 xx 000 0 ara d | ||
| 020 | _a9772157640 | ||
| 082 | 1 | 4 | _a302.2/بطر |
| 100 | 1 | _aالبطريق، نسمة | |
| 245 | 1 | 0 | _aالإعلام و المجتمع في عصر العولمة / |
| 264 | 1 |
_aالقاهرة : _bدار غريب للنشر، _c2004. |
|
| 300 | _a462ص | ||
| 650 | 1 | 7 | _aالإعلام |
| 650 | 1 | 7 | _aالإتصال |
| 942 |
_2ddc _cBK |
||
| 999 |
_c96314 _d96314 |
||